| 000 | 01442cam a22003737a 4500 | ||
|---|---|---|---|
| 001 | 14331840 | ||
| 003 | OSt | ||
| 005 | 20180116192430.0 | ||
| 008 | 060406s2006 maua b 000 0 eng d | ||
| 010 | _a 2006900546 | ||
| 020 | _a159863268X | ||
| 020 | _a082039532684 | ||
| 035 | _a(OCoLC)ocm65216220 | ||
| 040 |
_aGBU _cGBU _dBAKER _dDLC |
||
| 042 | _alccopycat | ||
| 050 | 0 | 0 |
_aNC877.8 _b.H36 2006 |
| 082 | _a741.6 | ||
| 100 | 1 |
_aHanks, Kurt, _d1947- _98153 |
|
| 245 | 1 | 0 |
_aRapid viz : _ba new method for the rapid visualization of ideas / _cKurt Hanks & Larry Belliston. |
| 250 | _a3rd ed. | ||
| 260 |
_aBoston, MA : _bThomson Course Technology PTR, _cc2006. |
||
| 300 |
_a200 p. : _bill. ; _c19 x 23 cm. |
||
| 504 | _aIncludes bibliographical references (p. 197-198). | ||
| 650 | 0 |
_aGraphic arts _xTechnique. _98154 |
|
| 650 | 0 |
_aFelt marker drawing. _98155 |
|
| 650 | 0 |
_aVisual communication. _98156 |
|
| 650 | 0 |
_aDrawing, Psychology of. _98157 |
|
| 700 | 1 |
_aBelliston, Larry, _d1949- _98158 |
|
| 856 | 4 | 2 |
_3Publisher description _uhttp://www.loc.gov/catdir/enhancements/fy1215/2006900546-d.html |
| 856 | 4 | 1 |
_3Table of contents only _uhttp://www.loc.gov/catdir/enhancements/fy1215/2006900546-t.html |
| 906 |
_a7 _bcbc _ccopycat _d2 _eepcn _f20 _gy-gencatlg |
||
| 942 |
_2ddc _cBK |
||
| 999 |
_c354095 _d354095 |
||